| 000 | 00557nam a2200181Ia 4500 | ||
|---|---|---|---|
| 008 | 090201s9999 xx 000 0 und d | ||
| 010 | _aKPL-74194 | ||
| 040 | _bमराठी | ||
| 041 | _aमराठी | ||
| 082 |
_a54691 _b74194 |
||
| 100 | _aजगन्नाथ कुंटे | ||
| 245 |
_aसाधनामस्त _cजगन्नाथ कुंटे |
||
| 250 | _a4 | ||
| 260 |
_c2007 _bप्राजक्त प्रकाशन |
||
| 300 |
_a256 _bमध्यम |
||
| 600 | _aसाधनामस्त | ||
| 942 | _cBOOK | ||
| 999 |
_c251030 _d251030 |
||